000 00409nam a2200145Ia 4500
008 240729s9999 xx 000 0 und d
022 _a2375-2548
245 0 _aScience Advances
260 _aUnited States
260 _bAmerican Association for the Advancement of Science (AAAS)
650 _aScience
856 _uhttps://doaj.org/toc/f6e9a5a6ae7b46c5b39d3674415bd2cc
942 _2ddc
942 _cDOAJEJ
999 _c74943
_d74943
945 _a1
_bMadushi Gamage
_c1
_dMadushi Gamage